[Event "NK Rapid"]
[Site "Vlaardingen NED"]
[Date "2005.10.01"]
[Round "7"]
[White "Timman,J"]
[Black "Michiels,B"]
[Result "1/2-1/2"]
[WhiteElo "2630"]
[BlackElo "2442"]

1.e4 c5 2.Nf3 Nc6 3.Bb5 g6 4.O-O Bg7 5.c3 Nf6 6.e5 Nd5 7.d4 cxd4 8.cxd4 O-O
9.Nc3 Nxc3 10.bxc3 d5 11.Bxc6 bxc6 12.Ba3 Rb8 13.Bc5 Qc7 14.Re1 h6 15.Qa4 a5
16.Qa3 Re8 17.Reb1 Rb5 18.Rxb5 cxb5 19.Qb3 Bd7 20.Qxd5 Bc6 21.Qb3 Bxf3 22.gxf3 Bxe5
23.Qxb5 Rb8 24.Qd3 Bxh2+ 25.Kg2 Rb2 26.Kf1 Bg3 27.Re1 Bxf2 28.Re5 Rxa2 29.Qb1 Bg3
30.Qxa2 Bxe5 31.Qd5 Bd6 32.Bxd6 exd6 33.c4 Kg7 34.c5 dxc5 35.dxc5 a4 36.c6 a3
37.Qd4+ Kh7 38.Qd5 Kg7 39.Qd4+ Kh7 40.Qd5  1/2-1/2

[Event "Autumn 4"]
[Site "Alushta UKR"]
[Date "2005.10.02"]
[Round "10"]
[White "Bogner,S"]
[Black "Zinchenko,Ya"]
[Result "0-1"]
[WhiteElo "2361"]
[BlackElo "2493"]

1.e4 c5 2.Nf3 Nc6 3.Bb5 e6 4.Bxc6 bxc6 5.d3 f6 6.Be3 d6 7.c3 Ne7 8.O-O Ng6
9.d4 cxd4 10.cxd4 Be7 11.Qc2 Bd7 12.Nc3 O-O 13.Nd2 f5 14.f3 e5 15.Nc4 exd4
16.Bxd4 Be6 17.b3 Qd7 18.Rad1 Rf7 19.Bc5 Bxc4 20.bxc4 Ne5 21.exf5 Qc7 22.Bd4 Nxc4
23.Ne4 d5 24.Nc5 Bxc5 25.Bxc5 Qa5 26.Qf2 Rxf5 27.Rfe1 Ne5 28.Bd4 Ng6 29.Qc2 Raf8
30.Qxc6 Qxa2 31.Bc5 Nf4 32.Bf2 Rg5  0-1

[Event "Lichtenrader Autumn"]
[Site "Berlin GER"]
[Date "2005.10.02"]
[Round "2"]
[White "Meissner,HJ"]
[Black "Wolf,Christi"]
[Result "0-1"]
[WhiteElo "2240"]
[BlackElo "2087"]

1.e4 c5 2.Nf3 Nc6 3.Bb5 g6 4.O-O Bg7 5.c3 Nf6 6.Re1 O-O 7.d4 cxd4 8.cxd4 d5
9.e5 Ne4 10.Nc3 Bf5 11.Bxc6 Nxc3 12.bxc3 bxc6 13.Ba3 Qc7 14.Nd2 Rfb8 15.Nb3 Rb5
16.Qd2 Rab8 17.h3 Bf8 18.Bb4 a5 19.Ba3 Bc8 20.Nc5 Qa7 21.Qf4 e6 22.Qc1 Ba6
23.Na4 Bxa3 24.Qxa3 R5b7 25.Qc1 Bc4 26.h4 Rb5 27.Qg5 Qc7 28.Nc5 Qd8 29.Qf4 Rb2
30.a4 Rc2 31.Rab1 Rcb2 32.Rxb2 Rxb2 33.h5 gxh5 34.Re3 h4 35.Rh3 Ba2 36.Rxh4 Bb1
37.Qc1 Rb8 38.Rh3 Bg6 39.Qh6 Rb2 40.Rf3 Qe7 41.Rf6 Rb8 42.Qg5 Qd8 43.Kh2 Kh8
44.g4 Qg8 45.Kg3 Rb1 46.f3 Rg1+ 47.Kh2 Rb1 48.f4 Qb8 49.Kg3 Qb2 50.Qxg6 hxg6
51.Rxf7 Rh1  0-1

[Event "FSGM October"]
[Site "Budapest HUN"]
[Date "2005.10.02"]
[Round "2"]
[White "Hera,I"]
[Black "Paschall,W"]
[Result "1-0"]
[WhiteElo "2380"]
[BlackElo "2394"]

1.e4 c5 2.Nf3 Nc6 3.Bb5 d6 4.O-O Bd7 5.Re1 Nf6 6.h3 Ne5 7.a4 e6 8.Na3 Qc7
9.Nxe5 dxe5 10.Bxd7+ Nxd7 11.Qg4 g6 12.Nc4 h5 13.Qg3 Bh6 14.d3 Bxc1 15.Raxc1 h4
16.Qe3 Rh5 17.c3 Nb6 18.b3 Nxc4 19.dxc4 a5 20.Red1 Rd8 21.Rxd8+ Kxd8 22.b4 cxb4
23.cxb4 axb4 24.Qd2+ Kc8 25.Qxb4 Rh8 26.Rd1 Kb8 27.Qb5 Rd8 28.Rxd8+ Qxd8
29.Qxe5+ Kc8 30.Qc5+ Kb8 31.Qe5+ Kc8 32.a5 Qc7 33.Qh8+ Kd7 34.Qxh4 Qxc4 35.Qf4 f5
36.Qd2+ Kc6 37.exf5 exf5 38.g3 Kb5 39.Qb2+ Qb4 40.Qe5+ Ka4 41.Qc7 Qe1+ 42.Kg2 Qe4+
43.Kh2 Qf3 44.Qb6 f4 45.g4 g5 46.a6 bxa6 47.Qxa6+ Kb4 48.Qf1 Kc5 49.Qg2 Qe2
50.h4 f3 51.Qg3 gxh4 52.Qxh4 Qe5+ 53.Kh3 Kd4 54.g5+ Kd3 55.Qg3 Qh8+ 56.Kg4 Qd4+
57.Qf4 Qd7+ 58.Kg3  1-0

[Event "Open A"]
[Site "Hamburg GER"]
[Date "2005.10.02"]
[Round "2"]
[White "Baczinski,W"]
[Black "Graffenberger,W"]
[Result "1-0"]
[WhiteElo "2007"]
[BlackElo "1762"]

1.e4 c5 2.Nf3 Nc6 3.Bb5 g6 4.Bxc6 bxc6 5.O-O Bg7 6.d3 d6 7.Nc3 e6 8.Nd2 Ne7
9.f4 O-O 10.Nf3 f6 11.Be3 Rb8 12.Rb1 Qc7 13.Qe1 a5 14.Bf2 Ba6 15.e5 Nd5 16.exd6 Qxd6
17.Ne4 Qxf4 18.Nxc5 Bc8 19.c4 Nb4 20.a3 Nxd3 21.Nxd3 Qxc4 22.Nc5 f5 23.Ne5 Qd5
24.Nf3 Rxb2 25.Rxb2 Bxb2 26.Qxa5 Qa2 27.a4 Bf6 28.Qd2 Qa3 29.Qe2 Re8 30.Ne5 Bxe5
31.Qxe5 Qa2 32.Bd4  1-0

[Event "Open A"]
[Site "Hamburg GER"]
[Date "2005.10.02"]
[Round "2"]
[White "Chevelevitch,E"]
[Black "Kammer,R"]
[Result "1-0"]
[WhiteElo "2417"]
[BlackElo "2154"]

1.e4 c5 2.Nf3 Nc6 3.Bb5 e6 4.O-O Nge7 5.c3 a6 6.Ba4 b5 7.Bc2 Bb7 8.Re1 Qc7
9.d4 Ng6 10.d5 Nce5 11.Nxe5 Qxe5 12.Nd2 Be7 13.Nf3 Qd6 14.dxe6 dxe6 15.Qxd6 Bxd6
16.Rd1 Ke7 17.Be3 Rhc8 18.Rd2 Bf4 19.Rad1 Bxe3 20.Rd7+ Kf6 21.Rxb7 Bf4 22.Rdd7 Rf8
23.g3 Bc1 24.h4 h5 25.Rbc7 c4 26.Rc5 Bxb2 27.Ng5 Bxc3 28.Nh7+  1-0

[Event "Belgrade Premier League"]
[Site "Belgrade SCG"]
[Date "2005.10.03"]
[Round "3"]
[White "Nestorovic,N"]
[Black "Sivacki,M"]
[Result "1-0"]
[WhiteElo "2152"]
[BlackElo "2177"]

1.e4 c5 2.Nf3 Nc6 3.Bb5 g6 4.O-O Bg7 5.Re1 Nf6 6.e5 Nd5 7.Nc3 Nc7 8.Bxc6 dxc6
9.Ne4 Ne6 10.d3 O-O 11.Be3 b6 12.Qd2 Re8 13.Bh6 Bh8 14.Neg5 f6 15.Nxe6 Bxe6
16.Qf4 Qd7 17.Re3 Bg7 18.Bxg7 Kxg7 19.Rae1 f5 20.h4 Kh8 21.Ng5 Rg8 22.Rh3 Rg7
23.h5 gxh5 24.Rxh5 Bg8 25.e6 Qe8 26.Rh6 Rd8 27.Re3 Rd4 28.Qxf5 Rd5 29.Re5 Qb8
30.Nf3 Qd6 31.g3 c4 32.Rxd5 Qxd5 33.Ne5 cxd3 34.cxd3  1-0

[Event "Open A"]
[Site "Hamburg GER"]
[Date "2005.10.04"]
[Round "4"]
[White "Schnock,S"]
[Black "Huschenbeth,N"]
[Result "0-1"]
[WhiteElo "2030"]
[BlackElo "2248"]

1.e4 c5 2.Nf3 Nc6 3.Bb5 g6 4.O-O Bg7 5.c3 e5 6.Na3 Nge7 7.Nc2 d5 8.d3 O-O
9.Bg5 a6 10.exd5 axb5 11.dxc6 bxc6 12.d4 cxd4 13.cxd4 e4 14.Nd2 f6 15.Be3 f5
16.Nb3 f4 17.Bd2 Nd5 18.Re1 Bf5 19.Nb4 Qd6 20.a3 g5 21.Rc1 Rac8 22.h4 gxh4
23.Nxd5 cxd5 24.Qh5 Qg6 25.Qxh4 f3 26.Qg5 fxg2 27.Qxg6 Bxg6 28.Kxg2 Rc4 29.Bc3 Bh6
30.Nd2 Rc6 31.Ra1 Rcf6 32.Rf1 Bh5 33.a4 Kh8 34.axb5 Be2 35.Nxe4 Bf3+  0-1

[Event "Open A"]
[Site "Hamburg GER"]
[Date "2005.10.04"]
[Round "4"]
[White "Weeks,Ma"]
[Black "Oud,N"]
[Result "1-0"]
[WhiteElo "2268"]
[BlackElo "2110"]

1.e4 c5 2.Nf3 Nc6 3.Bb5 g6 4.Nc3 Bg7 5.O-O Nf6 6.e5 Ng4 7.Bxc6 dxc6 8.Re1 Qc7
9.Qe2 Bf5 10.d3 O-O-O 11.h3 Nh6 12.Bf4 Be6 13.Qe3 Nf5 14.Qxc5 b6 15.Qb4 c5
16.Qe4 Nd4 17.Nxd4 cxd4 18.Nb5 Qb7 19.Qxb7+ Kxb7 20.Re4 a6 21.Nxd4 Bd5 22.Re2 Bxg2
23.Kxg2 Rxd4 24.Be3 Rd7 25.d4 e6 26.Kf3 Rc8 27.c3 Bf8 28.Rg1 Rd5 29.Rg4 Rc7
30.Bd2 h5 31.Rge4 b5 32.b3 Kb6 33.Ke3 Rd8 34.Kd3 Rdc8 35.Re1 Rc6 36.Rb1 R6c7
37.c4 Kc6 38.a4 Rb8 39.cxb5+ axb5 40.Rc1+ Kd7 41.Rxc7+ Kxc7 42.Rf4 f5 43.exf6 bxa4
44.bxa4 Rb3+ 45.Kc4 Rxh3 46.Bb4 g5 47.Bxf8  1-0

[Event "5th ch-Asian"]
[Site "Hyderabad IND"]
[Date "2005.10.06"]
[Round "1"]
[White "Parikh,V"]
[Black "Taleb,M"]
[Result "1-0"]
[WhiteElo "2372"]
[BlackElo "2510"]

1.e4 c5 2.Nf3 Nc6 3.Bb5 g6 4.c3 Bg7 5.d4 cxd4 6.cxd4 Nf6 7.e5 Nd5 8.Nc3 Nxc3
9.bxc3 O-O 10.O-O d6 11.exd6 exd6 12.Bf4 h6 13.Qa4 Qf6 14.Bg3 Ne7 15.Nd2 Nf5
16.Ne4 Qd8 17.Bf4 d5 18.Ng3 Nxg3 19.Bxg3 Bf5 20.Rfe1 a6 21.Bf1 h5 22.Qb4 b6
23.Bf4 Kh7 24.Re3 Bf6 25.Rae1 a5 26.Qb3 Ra7 27.Qa3 Rg8 28.Bb5 Be6 29.Bd3 Be7
30.Qb3 Bd6 31.Be5 Bxe5 32.Rxe5 Kg7 33.Qb1 Kf8 34.Qc1 Qf6 35.Qh6+ Qg7 36.Qf4 Ke7
37.Rxd5 Rd7 38.Bb5  1-0

[Event "FSGM October"]
[Site "Budapest HUN"]
[Date "2005.10.07"]
[Round "7"]
[White "Fogarasi,T"]
[Black "Berczes,D"]
[Result "1-0"]
[WhiteElo "2482"]
[BlackElo "2475"]

1.e4 c5 2.Nf3 Nc6 3.Bb5 g6 4.O-O Bg7 5.c3 Nf6 6.e5 Nd5 7.d4 cxd4 8.cxd4 O-O
9.Nc3 Nc7 10.Re1 Nxb5 11.Nxb5 a6 12.Nc3 d6 13.exd6 Qxd6 14.d5 Ne5 15.Bf4 Bg4
16.Rxe5 Bxf3 17.Qd4 Bg4 18.h3 Bc8 19.Rd1 Rd8 20.Qe3 Qb4 21.Rxe7 Bf5 22.d6 Qxb2
23.Nd5 Rf8 24.Be5 Bxe5 25.Rxe5 Be6 26.Nf6+ Kg7 27.Nh5+ Kh8 28.Qg5 f6 29.Nxf6 Qxa2
30.d7 Rad8 31.Rde1 Bxd7 32.Re7 Rf7 33.Qh6 Rxe7 34.Rxe7 Qa1+ 35.Kh2  1-0

[Event "Open A"]
[Site "Hamburg GER"]
[Date "2005.10.07"]
[Round "5"]
[White "Neumann,Mi"]
[Black "Lucas,M"]
[Result "0-1"]
[WhiteElo "2204"]
[BlackElo "2071"]

1.e4 c5 2.Nf3 Nc6 3.Bb5 g6 4.Bxc6 dxc6 5.h3 Bg7 6.d3 Nf6 7.Nc3 Nd7 8.Be3 e5
9.Qd2 Qe7 10.Bh6 f6 11.Bxg7 Qxg7 12.Nh2 Nf8 13.f4 exf4 14.Qxf4 Ne6 15.Qd2 Nd4
16.O-O Be6 17.Qf2 O-O 18.Na4 b6 19.c3 Nb5 20.Qe3 Rad8 21.Nf3 Rfe8 22.Rfe1 Qd7
23.Red1 Qc7 24.b3 Qg3 25.Qf2 Qf4 26.Qd2 Qc7 27.Nb2 Qg3 28.a4 Nd6 29.c4 Nxe4
30.Qe1 Qxe1+ 31.Rxe1 Ng5 32.Nxg5 fxg5 33.Re3 Bf5 34.Rae1 Rxe3 35.Rxe3 h5
36.Kf2 Kf7 37.Ke2 h4 38.Kf3 Rd4 39.g4 hxg3 40.Kxg3 a5 41.Kf2 Rh4 42.Kg2 g4
43.hxg4 Rxg4+ 44.Kf2 Rh4 45.Kg2 Rd4 46.Kf2 g5 47.Rg3 Kf6 48.Ke2 Rh4 49.Rg2 Rh3
50.Rf2 Ke5 51.Rg2 g4 52.Kf2 Kf4 53.Ke2 g3 54.Nd1 Bg4+  0-1

[Event "Open A"]
[Site "Hamburg GER"]
[Date "2005.10.07"]
[Round "7"]
[White "Neumann,Mi"]
[Black "Beisser,J"]
[Result "1-0"]
[WhiteElo "2204"]
[BlackElo "2066"]

1.e4 c5 2.Nf3 Nc6 3.Bb5 g6 4.Bxc6 dxc6 5.h3 Bg7 6.d3 e5 7.Be3 Qe7 8.Qd2 h6
9.Nc3 b6 10.Nh2 Ba6 11.b3 O-O-O 12.O-O f5 13.f3 f4 14.Bf2 Nf6 15.Rfb1 g5
16.Qe2 h5 17.a3 Kb8 18.b4 cxb4 19.Rxb4 Bc8 20.Rab1 g4 21.fxg4 hxg4 22.Nxg4 Nxg4
23.hxg4 Bf6 24.Na4 Qh7 25.Kf1 Rdg8 26.Nxb6 axb6 27.Bxb6 Bb7 28.Bg1 Rg7 29.Qf2 Kc8
30.Qa7 f3 31.gxf3 Qh3+ 32.Ke2 Rhh7 33.Rxb7 Rxb7 34.Qa8+ Kd7 35.Rxb7+ Kd6
36.Qb8+ Ke6 37.Qe8+ Kd6 38.Rxh7 Qxh7 39.Qb8+ Ke6 40.Qb3+ Kd6 41.Qb4+ Ke6
42.Qc4+ Kd7 43.a4 Bd8 44.Qc5 Qh1 45.Qf2 Qh6 46.a5 Qc1 47.Qa7+ Bc7 48.Be3 Qxc2+
49.Bd2 Qa2 50.Qc5 Qa1 51.g5 Qh1 52.a6 Qg2+ 53.Qf2 Qh1 54.a7 Qh8 55.Qg1 Bd6
56.g6 Kc7 57.g7 Qg8 58.a8=Q  1-0

[Event "Open A"]
[Site "Hamburg GER"]
[Date "2005.10.07"]
[Round "7"]
[White "Westphal,B"]
[Black "Smolkina,M"]
[Result "1-0"]
[WhiteElo "2079"]
[BlackElo "1739"]

1.e4 c5 2.Nf3 Nc6 3.Bb5 a6 4.Bxc6 bxc6 5.d3 g6 6.Bd2 Bg7 7.Bc3 Nf6 8.Nbd2 O-O
9.O-O d5 10.Be5 Bg4 11.Re1 Ra7 12.h3 Bc8 13.Qe2 a5 14.a4 Ba6 15.b3 Re8 16.Rad1 Rd7
17.Bh2 d4 18.Ne5 Rc7 19.Rf1 Nd7 20.Nec4 Ra7 21.e5 Nf8 22.f4 Bc8 23.Ne4 f5
24.Ng5 Ne6 25.Nxe6 Bxe6 26.Bg3 Qc7 27.Be1 Bxc4 28.dxc4 Rb8 29.Bd2 Qd8 30.Bc1 Qb6
31.Ba3 e6 32.Rd3  1-0

[Event "5th ch-Asian"]
[Site "Hyderabad IND"]
[Date "2005.10.07"]
[Round "2"]
[White "Al Modiahki,M"]
[Black "Annageldyev,O"]
[Result "1/2-1/2"]
[WhiteElo "2568"]
[BlackElo "2469"]

1.e4 c5 2.Nf3 Nc6 3.Bb5 d6 4.O-O Bd7 5.c3 Nf6 6.Re1 a6 7.Ba4 b5 8.Bc2 e5
9.h3 Qc7 10.d4 Be7 11.d5 Na5 12.Nbd2 c4 13.Nf1 Nb7 14.Ng3 O-O 15.Bg5 Rfe8
16.Qd2 h6 17.Be3 a5 18.Rad1 Qd8 19.Qe2 Rc8 20.Nd2 Bf8 21.a4 Nc5 22.axb5 Bxb5
23.Ra1 g6 24.Bxc5 Rxc5 25.Ba4 Qd7 26.Bxb5 Qxb5 27.Reb1 Rec8 28.b3 cxb3 29.Nxb3 Qxe2
30.Nxe2 Rb5 31.f3 Rcb8 32.Nd2 Rxb1+ 33.Rxb1 Ra8 34.Ra1 Nd7 35.Nc1 Be7 36.Nd3 Nb6
37.Kf2 Bg5 38.Nb1 f5 39.Ke2 fxe4 40.fxe4 a4 41.Na3 Rc8 42.Nb5 Be7 43.Rb1 Nd7
44.Rb4 Ra8 45.Na3 Bd8 46.Rb7 Nf6 47.Rb4 Nd7 48.Rb7 Nf6 49.Rb4 Nd7  1/2-1/2

[Event "2nd Bundesliga Ost 2005-6"]
[Site "Austria AUT"]
[Date "2005.10.08"]
[Round "1"]
[White "Zsifkovits,R"]
[Black "Vokroj,R"]
[Result "1/2-1/2"]
[WhiteElo "2224"]
[BlackElo "2303"]

1.e4 c5 2.Nf3 Nc6 3.Bb5 g6 4.Bxc6 bxc6 5.O-O Bg7 6.Nc3 Qa5 7.Re1 e5 8.d3 Rb8
9.Nd2 Qc7 10.Nc4 Ne7 11.b3 O-O 12.a4 d5 13.Nd2 f5 14.Ba3 Qa5 15.Ne2 Bh6 16.Bc1 Qc7
17.Nc3 fxe4 18.dxe4 d4 19.Ncb1 Ba6 20.Na3 Nc8 21.Nac4 Nb6 22.Nxb6 axb6 23.Nf3 Bxc1
24.Qxc1 Rf4 25.c4 Rbf8 26.Re2 Rxf3 27.gxf3 Rxf3 28.Qg5 Rxb3 29.f4 exf4 30.Rf2 f3
31.Raf1 Bxc4 32.Rxf3 Rxf3 33.Rxf3 Qd7 34.Qf4 Qe8 35.Rf2 Be6 36.Qc7 Bf7 37.Qxb6 Qxe4
38.Qd8+ Be8 39.Qf6 Qg4+ 40.Kf1 Qd1+ 41.Kg2 Qg4+ 42.Kf1 Qd1+ 43.Kg2 Qg4+ 44.Kf1  1/2-1/2

[Event "Belgrade Premier League"]
[Site "Belgrade SCG"]
[Date "2005.10.08"]
[Round "8"]
[White "Toth,Al"]
[Black "Djokic,Nen"]
[Result "1/2-1/2"]
[WhiteElo "2295"]
[BlackElo "2310"]

1.e4 c5 2.Nf3 Nc6 3.Bb5 e6 4.Bxc6 bxc6 5.b3 Ne7 6.Bb2 Ng6 7.e5 Be7 8.h4 f6
9.h5 Nxe5 10.Nxe5 fxe5 11.Bxe5 O-O 12.Nc3 d6 13.Bg3 e5 14.Qe2 Bf5 15.O-O-O Qd7
16.Bh4 Bg4 17.f3 Be6 18.Bxe7 Qxe7 19.d3 h6 20.Qe3 Rf4 21.g3 Rf5 22.g4 Rf4
23.Ne2 Rf7 24.Rdg1 Bd5 25.Rh3 Raf8 26.Rgg3 Qg5 27.Qxg5 hxg5 28.Ng1 Kh7 29.c4 Be6
30.Ne2 Kh6 31.Nc3 Rd7 32.Ne4 Bg8 33.Rg2 Bh7 34.Rd2 a5 35.a4 Rfd8 36.Rh1 Rf8
37.Rh3 Bxe4 38.dxe4 Rf6 39.Rd3 Kh7 40.Rh2 Rh6 41.Rhd2 Kg8 42.Kd1 Kf7 43.Ke2 Ke7
44.Ke3 Rd8 45.Rh2 g6 46.Rd1 Rdh8 47.Rdh1 Kf8 48.Kf2 Kg7 49.Kg3 Rb8 50.Rd1 gxh5
51.Rxh5 Rg6 52.Rd3 Rh8 53.Rd1 Rxh5 54.gxh5 Rf6 55.Kg4 Kh6 56.Rd3 Rf4+ 57.Kg3 Rf6
58.Kg4 Rf4+  1/2-1/2

[Event "Open A"]
[Site "Hamburg GER"]
[Date "2005.10.08"]
[Round "8"]
[White "Tochtrop,M"]
[Black "Stabolewski,A"]
[Result "1/2-1/2"]
[WhiteElo "2154"]
[BlackElo "2219"]

1.e4 c5 2.Nf3 Nc6 3.Bb5 Na5 4.c3 a6 5.Ba4 b5 6.Bc2 Bb7 7.O-O Nf6 8.Re1 e6
9.d4 cxd4 10.cxd4 Be7 11.Nbd2 Rc8 12.e5 Nd5 13.Ne4 h6 14.Bd3 Qb6 15.Qe2 Nc6
16.Be3 Nxe3 17.fxe3 Nb4 18.Bb1 Qc7 19.Nc3 O-O 20.a3 Nd5 21.Ne4 b4 22.a4 a5
23.Nfd2 f5 24.exf6 Nxf6 25.Nxf6+ Rxf6 26.Qd3 Bd6 27.Qh7+ Kf7 28.Bg6+ Rxg6
29.Rf1+ Bf4 30.Nf3 Rxg2+ 31.Kxg2 Qc2+ 32.Qxc2 Rxc2+ 33.Kh3 Bxe3 34.Rae1 Rf2
35.Rxf2 Bxf2 36.Rf1 Be3 37.Ne5+ Kg8 38.Nxd7 h5 39.Rf8+ Kh7 40.Rb8 Bd5 41.Nb6 Bb3
42.Rd8 e5 43.Nd7 exd4 44.Nf8+ Kh6 45.Rd6+ Kg5 46.Ne6+ Kf6 47.Nxd4+ Ke5 48.Nxb3 Kxd6
49.Nxa5 Bf2 50.Kg2 Bd4 51.Kf3 Kd5 52.b3 g5 53.h3 Bc5 54.Nb7 Bb6 55.a5 Kc6
56.a6 Bc7 57.Nc5  1/2-1/2

[Event "Open A"]
[Site "Hamburg GER"]
[Date "2005.10.08"]
[Round "8"]
[White "Baczinski,W"]
[Black "Jordan,Ju"]
[Result "0-1"]
[WhiteElo "2007"]
[BlackElo "2142"]

1.e4 c5 2.Nf3 Nc6 3.Bb5 g6 4.Bxc6 dxc6 5.d3 Bg7 6.O-O e5 7.Nc3 Qe7 8.h3 Nf6
9.Be3 Nd7 10.Qd2 h6 11.Nh2 g5 12.Ne2 Nf8 13.Ng3 Ng6 14.Nh5 O-O 15.Qc3 b6
16.a4 Bh8 17.a5 Nf4 18.Bxf4 exf4 19.Qd2 b5 20.Rab1 Qd6 21.Qe2 Qg6 22.Rfe1 Re8
23.Qf3 Be6 24.g4 a6 25.Qe2 c4 26.Nf3 Rad8 27.Red1 c5 28.Nd2 c3 29.bxc3 Bxc3
30.Nb3 Bxb3 31.Rxb3 Bxa5 32.Ra1 Bc7 33.Kg2 Be5 34.Rh1 b4 35.c4 a5 36.Qa2 Qc6
37.Qxa5 Ra8 38.Qb5 Qc7  0-1

[Event "5th ch-Asian"]
[Site "Hyderabad IND"]
[Date "2005.10.08"]
[Round "3"]
[White "Gopal,G"]
[Black "Annaberdiev,M"]
[Result "0-1"]
[WhiteElo "2327"]
[BlackElo "2421"]

1.e4 c5 2.Nf3 Nc6 3.Bb5 e6 4.O-O Nge7 5.c3 a6 6.Ba4 b5 7.Bc2 d5 8.e5 c4 9.d4 cxd3
10.Bxd3 Ng6 11.Qe2 Bc5 12.b4 Bb6 13.a4 bxa4 14.Rxa4 Bd7 15.Bxg6 hxg6 16.Rxa6 Rxa6
17.Qxa6 Bc7 18.Qe2 Qb8 19.Re1 f6 20.Bf4 g5 21.Bg3 g4 22.Nd4 Nxd4 23.cxd4 Qxb4
24.Rc1 f5 25.Rxc7 Qxb1+ 26.Qf1 Qb2 27.Qc1 Qxd4 28.Rb7 O-O 29.Rxd7 Ra8 30.Rb7 f4
31.Bh4 Qe4 32.Be7 Ra2 33.Rb1 g3 34.fxg3 Qd4+ 35.Kh1 f3 36.gxf3 Qf2 37.Rb8+ Kh7
38.Qb1+ Rc2  0-1

[Event "5th ch-Asian"]
[Site "Hyderabad IND"]
[Date "2005.10.08"]
[Round "3"]
[White "Dzhumaev,M"]
[Black "Dao Thien Hai"]
[Result "0-1"]
[WhiteElo "2507"]
[BlackElo "2581"]

1.e4 c5 2.Nf3 Nc6 3.Bb5 e6 4.O-O Nge7 5.b3 a6 6.Bxc6 Nxc6 7.Bb2 b5 8.Qe2 Bb7
9.Rd1 Qc7 10.c4 b4 11.d4 cxd4 12.Nxd4 Ne5 13.a3 Be7 14.axb4 Bxb4 15.Nc3 O-O
16.Na4 Be7 17.Rac1 Rae8 18.c5 f5 19.exf5 exf5 20.Rc3 Ng4 21.Rh3 Bh4 22.Qc4+ d5
23.cxd6 Qxc4 24.bxc4 Nxf2 25.Rxh4 Nxd1 26.Kf1 Ne3+ 27.Kf2 Nxc4 28.d7 Rd8
29.Bc3 Rxd7 30.Ne6 Rc8 31.Nac5 Re7 32.Rd4 Ne5 33.Bb2 Rxe6  0-1

[Event "5th ch-Asian"]
[Site "Hyderabad IND"]
[Date "2005.10.08"]
[Round "3"]
[White "Parikh,V"]
[Black "Bakre,T"]
[Result "1/2-1/2"]
[WhiteElo "2372"]
[BlackElo "2484"]

1.e4 c5 2.Nf3 Nc6 3.Bb5 Qb6 4.Nc3 e6 5.O-O Nge7 6.Bxc6 Nxc6 7.b3 Be7 8.Bb2 O-O
9.e5 d5 10.Ne2 Qc7 11.Ng3 f5 12.Re1 Bd7 13.d4 Be8 14.Ne2 f4 15.Bc1 g5 16.dxc5 Bh5
17.Bb2 Bxf3 18.gxf3 Bxc5 19.Nc1 Rac8 20.h3 Rf5 21.Kg2 Qb6 22.Nd3 Bd4 23.c3 Bxe5
24.Qe2 Re8 25.c4 Bxb2 26.Nxb2 Ne5 27.cxd5 Ng6 28.Nc4 Qc5 29.dxe6 b5 30.Nd2 Re5
31.Ne4 R5xe6 32.Rac1 Qf5 33.Qd3 Nh4+ 34.Kh2 Nxf3+ 35.Qxf3 Rxe4 36.Rxe4 Qxe4
37.Qxe4 Rxe4 38.Rc5 h6 39.Rxb5 Re2 40.Kg2 Rxa2 41.Rb7 a5 42.Kf3 Rb2 43.Rb5 Kg7
44.Rxa5 Rxb3+ 45.Kg4 Rb2 46.h4 gxh4 47.Kxf4 Rb3 48.Ra7+ Kg6 49.Ra6+  1/2-1/2

[Event "TCh-FIN 2005-6"]
[Site "Vantaa FIN"]
[Date "2005.10.08"]
[Round "3"]
[White "Kokkila,T"]
[Black "Niemi,K"]
[Result "0-1"]
[WhiteElo "2292"]
[BlackElo "2250"]

1.e4 c5 2.Nf3 Nc6 3.Bb5 Nf6 4.Nc3 Qc7 5.O-O a6 6.Bxc6 dxc6 7.e5 Nd5 8.Ne4 Bf5
9.Nxc5 e6 10.d4 Rd8 11.Nh4 Bxc5 12.Nxf5 exf5 13.dxc5 Ne3 14.Bxe3 Rxd1 15.Raxd1 O-O
16.Rd6 h6 17.b4 a5 18.a3 Qb8 19.Bd4 Re8 20.bxa5 Qa7 21.Rd7 Re6 22.Rb1 Qxa5
23.c3 Qxa3 24.h3 Rg6 25.e6 Rxe6 26.Rbxb7 Qa2 27.Kh2 Re1 28.Rbc7 f4 29.Rxf7 Qxf7
30.Rxf7 Kxf7 31.g3 fxg3+ 32.Kxg3 g6 33.Kf4 Ke6 34.f3 Rh1 35.Kg4 h5+ 36.Kg5 Rxh3
37.Kxg6 Rxf3 38.Kxh5 Rg3 39.Kh4 Rg8 40.Kh3 Kd5 41.Kh4 Kc4 42.Kh3 Rd8 43.Bf6 Rd5
44.Kg3 Rxc5 45.Kf4 Kd3  0-1

[Event "Open A"]
[Site "Hamburg GER"]
[Date "2005.10.09"]
[Round "9"]
[White "Neumann,Mi"]
[Black "Schulz,St"]
[Result "0-1"]
[WhiteElo "2204"]
[BlackElo "2073"]

1.e4 c5 2.Nf3 Nc6 3.Bb5 g6 4.Bxc6 dxc6 5.h3 Bg7 6.d3 b6 7.Nc3 e5 8.Be3 Qe7
9.a3 Nf6 10.Qd2 h6 11.Ne2 a5 12.O-O g5 13.Ng3 O-O 14.b4 axb4 15.axb4 Rxa1
16.Rxa1 cxb4 17.Bxb6 Be6 18.Ra7 Nd7 19.Nh5 Bh8 20.d4 exd4 21.Bxd4 Qd6 22.Qe3 c5
23.Bxh8 Kxh8 24.Ra1 f6 25.h4 Ne5 26.Nxe5 Qxe5 27.Ra5 Rd8 28.g3 Bg4 29.f4 Qd6
30.hxg5 Qd1+  0-1

[Event "Open A"]
[Site "Hamburg GER"]
[Date "2005.10.09"]
[Round "9"]
[White "Schlawin,M"]
[Black "Beisser,J"]
[Result "1-0"]
[WhiteElo "2298"]
[BlackElo "2066"]

1.e4 c5 2.Nf3 Nc6 3.Bb5 g6 4.Bxc6 dxc6 5.h3 Bg7 6.d3 Nf6 7.Nc3 Nd7 8.Be3 e5
9.Qd2 h6 10.O-O Qe7 11.Nh2 Nf8 12.f4 exf4 13.Rxf4 Ne6 14.Rf2 Nd4 15.Raf1 Be6
16.Na4 b6 17.a3 O-O-O 18.Kh1 f5 19.exf5 Nxf5 20.Re1 Nxe3 21.Qxe3 Bd4 22.Qf3 Bxf2
23.Qxc6+ Qc7 24.Rxe6 Qxc6 25.Rxc6+ Kb8 26.Nf3 g5 27.Nc3 Bd4 28.Nd1 Rd7 29.Re6 Bg7
30.b3 Rf8 31.Nf2 Rff7 32.Ne4 Rfe7 33.Rg6 Kc7 34.Kh2 Rd5 35.a4 Rd8 36.Kg3 Rd5
37.Kg4 Rdd7 38.Ng3 Bf8 39.Rg8 Rd8 40.Ne4 Bg7 41.Rxd8 Kxd8 42.Kf5 Ke8 43.Nh2 Kf8
44.Ng4 Rf7+ 45.Kg6 Rc7 46.Ne3 Rc6+ 47.Kf5 a6 48.Nc4 b5 49.Na5 Rc7 50.Ke6 Bd4
51.Kd5 Rf7 52.axb5 axb5 53.b4 Rf5+ 54.Ke6 Re5+ 55.Kd6 c4 56.Nc6 cxd3 57.cxd3 Rf5
58.Nxd4 Rf1 59.Nxb5 Rg1 60.g3 Rh1 61.Nd4 Rxh3 62.b5 Rh1 63.b6 Rb1 64.Kc7 Rc1+
65.Nc6 Rd1 66.b7 Rxd3 67.b8=Q+  1-0

[Event "5th ch-Asian"]
[Site "Hyderabad IND"]
[Date "2005.10.10"]
[Round "5"]
[White "Grigoryan,K"]
[Black "Sharma,D"]
[Result "1-0"]
[WhiteElo "2421"]
[BlackElo "2359"]

1.e4 c5 2.Nf3 Nc6 3.Bb5 g6 4.O-O Bg7 5.Re1 Nf6 6.c3 O-O 7.h3 Qb6 8.Ba4 d5
9.e5 Ne8 10.d4 cxd4 11.cxd4 Nc7 12.Nc3 Bf5 13.Bxc6 Qxc6 14.Bg5 Rfe8 15.Rc1 Rac8
16.Ne2 Qb6 17.Ng3 Bd7 18.Qd2 Ne6 19.Be3 Rxc1 20.Rxc1 Rc8 21.Rxc8+ Bxc8 22.Ne2 Bd7
23.Ng5 Nxg5 24.Bxg5 f6 25.Be3 Qc7 26.f4 f5 27.Nc3 e6 28.Bf2 Bf8 29.Bh4 Bb4
30.Bg5 Qc4 31.Bh6 Be8 32.Qf2 Be7 33.Kh2 Qd3 34.a3 Bc6 35.Na2 a5 36.Nc1 Qd1
37.Qe3 Qc2 38.Nd3 Kf7 39.Bg5 Bf8 40.Bd8 Bb5 41.Nc5 Qxb2 42.Bxa5 Bc6 43.Bb4 Be7
44.Nd3 Qb3 45.Bxe7 Kxe7 46.Qg3 Kf7 47.Nc5 Qxg3+ 48.Kxg3 b6 49.Nd3 h6 50.Kf3 Ke7
51.Ke3 Bb5 52.Nb2 Bf1 53.Kf2 Bb5 54.h4 h5 55.Ke3 Kd7 56.Kd2 Kc6 57.Kc3 Be2
58.Kb4 Bf1 59.g3 Be2 60.Na4 Bd3 61.Nc3 Ba6 62.Nb1 Bd3 63.Nd2 Be2 64.a4 Bd1
65.Nb1 Be2 66.Nc3 Ba6 67.a5 bxa5+ 68.Kxa5 Bc4 69.Na4 Kd7 70.Nc5+ Ke7 71.Kb6 Be2
72.Kc7 Bb5 73.Nb7 Ba4 74.Nd8 Bd7 75.Nc6+ Ke8 76.Kd6 Bc8 77.Nb4 Bd7 78.Na6 Bc8
79.Nb8 Kd8 80.Nc6+ Ke8 81.Kc7 Ba6 82.Na5  1-0

[Event "5th ch-Asian"]
[Site "Hyderabad IND"]
[Date "2005.10.10"]
[Round "5"]
[White "Parikh,V"]
[Black "Roy Chowdhury,S"]
[Result "1/2-1/2"]
[WhiteElo "2372"]
[BlackElo "2397"]

1.e4 c5 2.Nf3 Nc6 3.Bb5 Qb6 4.Nc3 e6 5.O-O Nge7 6.Re1 a6 7.Bc4 d6 8.Bb3 Ng6
9.d3 Be7 10.Ng5 h6 11.Nh3 Bf6 12.Qh5 Bd7 13.Nf4 Nxf4 14.Bxf4 Be5 15.Nd5 Qd8
16.Bxe5 dxe5 17.Ne3 g6 18.Qh3 b5 19.c3 h5 20.Qg3 Qf6 21.h4 Qf4 22.Qxf4 exf4
23.Nd5 exd5 24.exd5+ Ne7 25.d6 O-O 26.Rxe7 Rad8 27.d4 c4 28.Bc2 Bc8 29.Rae1 Rxd6
30.a3 Kg7 31.Ra7 Be6 32.Be4 Rb8 33.Bf3 Kf6 34.Re4 Kf5 35.Re5+ Kf6 36.Re4 Kf5
37.Re5+ Kf6 38.Kf1 Rbb6 39.Kg1  1/2-1/2

[Event "12th Young Masters"]
[Site "Zug SUI"]
[Date "2005.10.12"]
[Round "5"]
[White "Seps,M"]
[Black "Widmer,S"]
[Result "1-0"]
[WhiteElo "2200"]
[BlackElo "2201"]

1.e4 c5 2.Nf3 Nc6 3.Bb5 d6 4.d4 cxd4 5.Qxd4 h6 6.Qd3 e5 7.O-O Nf6 8.Rd1 Be7
9.Nc3 O-O 10.Bc4 Be6 11.a3 Na5 12.Bd5 Rc8 13.Nd2 Qb6 14.Nf1 Bxd5 15.exd5 Qc7
16.Ne3 g6 17.Nb5 Qb6 18.Nf5 gxf5 19.Qxf5 Kh8 20.Bxh6 Rg8 21.Rd3 Ng4 22.Qh5 Qxf2+
23.Kh1 Qxg2+ 24.Kxg2 Nf6+ 25.Qg5 Nxd5 26.Qxg8+ Rxg8+ 27.Kh1 Nf6 28.Rh3 Nh7
29.Rf1 f6 30.Rf5 Rg6 31.Rfh5 Kg8 32.Bd2 Ng5 33.Bxa5 Nxh3 34.Rxh3 d5 35.Rg3 Kf7
36.Bb4 Rxg3 37.hxg3 Bd8 38.Nd6+ Ke6 39.Nxb7 Bc7 40.Kg2 e4 41.c3 Kf5 42.Bd6 Bb6
43.Bc5 Bc7 44.Bxa7 Kg4 45.Bf2 f5 46.a4 e3 47.Bxe3 Bxg3 48.a5 f4 49.Bd4 f3+
50.Kf1  1-0

[Event "5th ch-Asian"]
[Site "Hyderabad IND"]
[Date "2005.10.13"]
[Round "7"]
[White "Deepan,C"]
[Black "Konguvel,P"]
[Result "1/2-1/2"]
[WhiteElo "2454"]
[BlackElo "2390"]

1.e4 c5 2.Nf3 Nc6 3.Bb5 d6 4.O-O Bd7 5.Re1 Nf6 6.c3 a6 7.Bf1 Bg4 8.h3 Bh5
9.d3 e6 10.Nbd2 Be7 11.a3 d5 12.Qc2 Qc7 13.b3 O-O 14.Bb2 Rac8 15.Rac1 b5
16.exd5 exd5 17.c4 bxc4 18.dxc4 d4 19.Bd3 Bg6 20.Bxg6 hxg6 21.b4 cxb4 22.Nxd4 Nxd4
23.Bxd4 bxa3 24.c5 Rfd8 25.Nf3 Bf8 26.Qa4 Nd7 27.Ng5 Qf4 28.Ne4 Nb8 29.Ba1 Rc6
30.Qxa3 Re6 31.Rc4 Nc6 32.Qa4 Ne5 33.Bxe5 Qxe5 34.Rec1 Rc8 35.c6 Qb5 36.Qc2 Ba3
37.Rb1 Rexc6 38.Rxb5 Rxc4 39.Qxc4 Rxc4 40.Rb8+ Bf8 41.f3 a5 42.Ra8 a4 43.Kf2 Rc2+
44.Ke3 a3 45.g3 f6 46.Kd3 Rc7 47.Nc3 Rb7 48.Kc4 Rc7+ 49.Kd3 g5 50.Nb5 Rc1
51.Nd4 Re1 52.Kd2 Re5 53.Nc2 Rf5 54.Ke2 Rb5 55.Nd4 Re5+ 56.Kd3 f5 57.f4 gxf4
58.gxf4 Re4 59.h4 Kf7 60.Ra7+ Kg6 61.h5+ Kxh5 62.Nxf5 Rxf4 63.Nxg7+ Kg4 64.Ne6 Rf3+
65.Ke4 Bh6 66.Nd4 Re3+ 67.Kd5  1/2-1/2